| 000 | 01441cam a2200349 i 4500 | ||
|---|---|---|---|
| 999 |
_c8691 _d8691 |
||
| 001 | 19221193 | ||
| 003 | GBCCL | ||
| 005 | 20241126110656.0 | ||
| 008 | 160808s2016 ilu b 001 0 eng | ||
| 010 | _a 2016036459 | ||
| 020 | _a9780830844739 (pbk. : alk. paper) | ||
| 040 |
_aDLC _beng _cDLC _erda _dDLC |
||
| 042 | _apcc | ||
| 050 | 0 | 0 |
_aBR115.C8 _bN474 2016 |
| 082 | 0 | 0 |
_a266 _223 _bNEW |
| 100 | 1 |
_aNewell, Marvin J., _eauthor. _915345 |
|
| 245 | 1 | 0 |
_aCrossing cultures in scripture : _bbiblical principles for mission practice / _cMarvin J. Newell ; foreword by Patrick Fung. |
| 264 | 1 |
_aDowners Grove, Illinois : _bIVP Books, and imprint of InterVarsity Press, _c[2016] |
|
| 300 |
_a298 pages ; _c23 cm |
||
| 336 |
_atext _btxt _2rdacontent |
||
| 337 |
_aunmediated _bn _2rdamedia |
||
| 338 |
_avolume _bnc _2rdacarrier |
||
| 504 | _aIncludes bibliographical references (pages 285-290) and indexes. | ||
| 630 | 0 | 0 |
_aBible _xCriticism, interpretation, etc. _9144 |
| 650 | 0 |
_aChristianity and culture. _9886 |
|
| 650 | 0 |
_aMissions. _9885 |
|
| 650 | 0 |
_aAcculturation. _915346 |
|
| 776 | 0 | 8 |
_iOnline version: _aNewell, Marvin J., author. _tCrossing cultures in scripture _dDowners Grove : InterVarsity Press, 2016 _z9780830873333 _w(DLC) 2016037192 |
| 906 |
_a7 _bcbc _corignew _d1 _eecip _f20 _gy-gencatlg |
||
| 942 |
_2ddc _cBK _014 |
||